EURO 1999, 25 de marzo de 1998: informe sobre la convergencia y correspondiente recomendación con vistas a la transición a la tercera fase de la unión económica y monetaria
Enregistré dans:
| Collectivité auteur: | |
|---|---|
| Format: | Livre |
| Langue: | espagnol |
| Publié: |
Luxemburgo
Oficina de Publicaciones Oficiales de las Comunidades Europeas
1998
|
| Sujets: | |
| Tags: |
Ajouter un tag
Pas de tags, Soyez le premier à ajouter un tag!
|
MARC
| LEADER | 00000nam a2200000 a 4500 | ||
|---|---|---|---|
| 001 | UCR7528 | ||
| 003 | CL-VaPUC | ||
| 008 | 980515e19980000LU |||||||||||||||||spa|d | ||
| 082 | 0 | 4 | |a 337.142 |b COM |2 21 |
| 110 | 2 | |a Comisión Europea |e author |9 408810 | |
| 245 | 1 | 0 | |a EURO 1999, 25 de marzo de 1998: informe sobre la convergencia y correspondiente recomendación con vistas a la transición a la tercera fase de la unión económica y monetaria |
| 300 | |a 2 v | ||
| 942 | |c BK | ||
| 945 | |d 19980515 00:00:00 |a mvenant | ||
| 260 | |a Luxemburgo |b Oficina de Publicaciones Oficiales de las Comunidades Europeas |c 1998 | ||
| 500 | |a Primera parte:Recomendación | ||
| 500 | |a Segunda parte: informe | ||
| 600 | 0 | 7 | |a UNION EUROPEA |2 CL-VaPUC |9 320734 |
| 650 | 0 | |a Mercado común |9 378790 | |
| 650 | 0 | |a Integración regional |9 376371 | |
| 650 | 7 | |a RELACIONES ECONOMICAS EXTERIORES |2 CL-VaPUC |9 259071 | |
| 650 | 0 | |a Política comercial |9 259070 | |
| 650 | 0 | |a Libre comercio |9 323018 | |
| 651 | 0 | |a Europa |9 255156 | |
| 583 | |a last modification |c 19980515 00:00:00 |k Rodrigo Vera | ||
| 999 | |c 269124 |d 269122 | ||
| 952 | |0 0 |1 0 |2 ddc |4 0 |6 337_142000000000000_COM_1998 |7 0 |8 A |9 302761 |a BIBDER |b BIBDER |d 2019-11-20 |h v.1 |i 3428206 |o 337.142 COM 1998 |p 3428206 |r 2023-01-25 |w 2019-11-20 |y MX |k DER | ||
| 952 | |0 0 |1 0 |2 ddc |4 0 |6 337_142000000000000_COM_1998 |7 0 |8 A |9 302762 |a BIBDER |b BIBDER |d 2019-11-20 |h v.2 |i 3428214 |o 337.142 COM 1998 |p 3428214 |r 2023-01-25 |w 2019-11-20 |y MX |k DER | ||
| 952 | |0 0 |1 0 |2 ddc |4 0 |6 337_142000000000000_COM_1998 |7 0 |8 A |9 302763 |a BIBDER |b BIBDER |d 2019-11-20 |h v.1 |i 3458563 |o 337.142 COM 1998 |p 3458563 |r 2023-01-25 |w 2019-11-20 |y MX |k DER | ||